000 00432nam a2200169Ia 4500
008 180921t2016 xxu||||| |||| 00| 1 sin d
041 _asin
080 _aX8C31
_bSIL
100 _aSilva, W.A.
245 _aඑක් දහස් එක් රැය - 1
246 _aEk Dahas Ek Reya - 1
260 _bGodage
_aColombo
_c2016
300 _a104p., 21cm
942 _cBK
999 _c7537
_d7537
003 LK-CoDNM
040 _aLK-CoDNM
_dLK-CoDNM
_eLK-CoDNM